|
|
|
|
| LEADER |
00000naa2a2200000 4500 |
| 001 |
387467 |
| 005 |
20231101063619.0 |
| 035 |
|
|
|a (RuTPU)RU\TPU\prd\17141
|
| 090 |
|
|
|a 387467
|
| 100 |
|
|
|a 20030909a2003 k y0rusy50 ca
|
| 101 |
0 |
|
|a rus
|
| 102 |
|
|
|a RU
|
| 200 |
1 |
|
|a Выявление подлежащих замене участков подземной тепловой сети тепловой аэросъемкой
|f А. В. Шишкин, О. М. Вахитов
|
| 225 |
1 |
|
|a Инфракрасная термография
|
| 320 |
|
|
|a Библиогр.: 3 назв.
|
| 461 |
|
1 |
|0 (RuTPU)RU\TPU\prd\1155
|x 1609-3178
|t В мире неразрушающего контроля
|o Ежеквартальное журнальное обозрение
|d 2001-
|
| 463 |
|
1 |
|0 (RuTPU)RU\TPU\prd\16148
|t № 2
|v С. 22-25
|d 2003
|
| 610 |
1 |
|
|a инфракрасный контроль
|
| 610 |
1 |
|
|a аэросъемка
|
| 610 |
1 |
|
|a тепловые сети
|
| 610 |
1 |
|
|a подземные теплопровода
|
| 610 |
1 |
|
|a централизованное теплоснабжение
|
| 610 |
1 |
|
|a повреждения
|
| 610 |
1 |
|
|a замены
|
| 700 |
|
1 |
|a Шишкин
|b А. В.
|
| 701 |
|
1 |
|a Вахитов
|b О. М.
|
| 801 |
|
1 |
|a RU
|b 63413507
|c 20030909
|g PSBO
|
| 942 |
|
|
|c BK
|